Kniha (nejen) pro dědečka a babičku. : Průvodce k jednomu z nejvděčnějších vztahů v životě. /

Uložené v:
Podrobná bibliografia
Hlavný autor: Berman, Eleanor (Author)
Médium: Kniha
Jazyk:Czech
English
Vydané: Bratislava : Perfekt, a.s., 1998
Vydanie:1. vyd.
Témy:
ISBN: 8080460973 (viaz.)
Fyzický popis: 216 s.
Tagy: Pridať tag
Žiadne tagy, Buďte prvý kto otaguje tento záznam!

MARC

LEADER 00000nam a2200000 a 4500
001 000045708
003 SVKK
005 19990121000000.0
008 981201s1998 xo e czeo
020 |a 8080460973 (viaz.) 
040 |a SVKKK  |b slo  |c SVKKK  |e AACR2 
041 1 |a cze  |h eng 
044 |a xo  |c SK 
080 |a 173(035)  |2 1997 
080 |a 316.356.2(035)  |2 1997 
100 1 |a Berman, Eleanor  |4 aut 
245 1 0 |a Kniha (nejen) pro dědečka a babičku. :  |b Průvodce k jednomu z nejvděčnějších vztahů v životě. /  |c Eleanor Berman 
250 |a 1. vyd. 
260 |a Bratislava :  |b Perfekt, a.s.,  |c 1998 
300 |a 216 s. 
653 0 |a rodina  |2 SVKKKPH 
653 0 |a deti  |2 SVKKKPH 
653 0 |a príručky  |2 SVKKKPH 
655 7 |a príručky  |2 SVKKKPH 
910 |a svkkk 
919 |a 80-8046-097-3 
974 |a MI  |d 19981230 
974 |a KL  |d 19981218 
974 |a MI  |d 19990121 
998 |a BK 
090 |g SCKHL  |k Sklad Pribinova 3. posch.  |a V.202906  |j 921402  |i 2720057562  |s Absenčne